Historia crítica del himno nacional : (Registro nro. 259)
[ vista simple ]
| 000 -Cabecera | |
|---|---|
| Campo de control interno | 00865nam a2200205Ia 4500 |
| 005 - Fecha y hora del registro | |
| control field | 20251203123022.0 |
| 008 - Elementos de Longitud Fija | |
| fixed length control field | 251203t1954||||xx |||||||||||||| ||spa|| |
| 041 ## - Idioma | |
| Codigo Idioma | ESP |
| 082 ## - DEWEY y NOTACIÓN INTERNA | |
| Dewey | 782.270985 |
| Notación Interna | R719 |
| 100 ## - AUTOR | |
| Autor denominación | Raygada, Carlos |
| Títulos y otras palabras asociadas con el nombre | |
| 245 #0 - TÍTULO DE MATERIAL BIBLIOGRÁFICO | |
| Título | Historia crítica del himno nacional : |
| Título paralelo | con la denuncia de una estrofa apócrifa y de otras anomalías, adulteraciones y errores en la letra y en la música, desde su creación hasta la fecha, y la presentación analizada de cincuenta versiones diferentes, un apéndice biográfico y un apéndice documental. Tomos 1-2 |
| 260 ## - CIUDAD, EDITORIAL, AÑO | |
| Ciudad | Lima : |
| Nombre de la Editorial | Talleres Gráficos P. L. Villanueva, |
| Año | 1954 |
| 300 ## - DESCRIPCIÓN | |
| N° Páginas | 223 páginas : |
| Otros detalles | láminas, retratos ; |
| Dimensiones | 24 cm. |
| Material Adicional | |
| 440 ## - MENCIÓN DE SERIE | |
| Título de la Serie | |
| Número de Serie | |
| Volumen de Serie | |
| 650 ## - TEMAS | |
| Temas | Las Artes |
| 653 ## - DESCRIPTORES | |
| Lenguajes no controlado | Himnos nacionales - Perú - Historia y crítica |
| 654 ## - PROGRAMAS | |
| Programa | Todos los programas |
| 942 ## - ELEMENTOS DE KOHA | |
| Tipo de documento | Libro |
| Nombre del creador | Justo Noguera |
| Código de catalogador | Margarita Torres |
| Esquema de clasificación | Dewey Decimal Classification |
| Suppress in OPAC | |
| Codigo completo | Registro | Colección | Copia número | Disponibilidad | Tipo de préstamo | Biblioteca Actual | Procedencia (Biblioteca) | Ubicacón | Fecha Ingreso | Tipo de Adquisición | Date last seen | Total checkouts | Price effective from | Tipo de Item | Estado del Material | Fuente de Clasificación | Damaged status | Withdrawn status |
|---|---|---|---|---|---|---|---|---|---|---|---|---|---|---|---|---|---|---|
| 782.270985 R719 | 1085132 | Colección Vera Bejar | 1 | Restringido | Víctor Andrés Belaunde | Víctor Andrés Belaunde | Planta baja cerrada | 03/12/2025 | Donación | 03/12/2025 | 03/12/2025 | Libro | Regular | Dewey Decimal Classification | Withdrawn |




